| 000 | 01141cam a2200337Ia 4500 | ||
|---|---|---|---|
| 001 | 40837155 | ||
| 003 | OCoLC | ||
| 005 | 20220728194957.0 | ||
| 008 | 990222s1998 sp a j 000 1 spa d | ||
| 020 | _a8489675562 | ||
| 020 | _a9788489675568 | ||
| 040 |
_aLPU _cLPU _dDPL _dTXA _dCoBoFLC |
||
| 041 | 1 |
_aspa _heng |
|
| 090 |
_aPZ73 _bH577 1998 |
||
| 092 | _aHis | ||
| 100 | 1 | _aHissey, Jane. | |
| 240 | 0 | 0 |
_aLittle Bear's trousers. _lSpanish. |
| 245 | 1 | 4 |
_aLos pantalones del osito / _cJane Hissey ; [traduccion, Pilar Garriga]. |
| 250 | _a1st edition. | ||
| 260 |
_aBarcelona : _bEditorial Zendrera Zariquiey, _c1998. |
||
| 264 | 1 |
_aBarcelona : _bEditorial Zendrera Zariquiey, _c1998. |
|
| 300 |
_a1 v. (unpaged) : _bcol. ill. ; _c26 cm. |
||
| 336 |
_atext _btxt _2rdacontent. |
||
| 337 |
_aunmediated _bn _2rdamedia. |
||
| 338 |
_avolume _bnc _2rdacarrier. |
||
| 520 | _aWhile looking for his missing trousers, Osito discovers that the other toys have found many different uses for them. | ||
| 650 | 0 |
_aTeddy bears _vJuvenile fiction. |
|
| 650 | 0 |
_aPants _vJuvenile fiction. |
|
| 650 | 0 |
_aToys _vJuvenile fiction. |
|
| 942 |
_cBK _2ddc |
||
| 999 |
_c27282 _d27282 |
||